000 01193nam0a2200337 4500
001 RU\NLR\BIBL_A\022662793
005 20260123101928.0
010 _a978-5-04-216098-1
_b(оф. 2)
_92000
021 _aRU
_bКН-П-25-058329
_9КН-П-25-5618
021 _aRU
_bКН-П-25-065934
_9КН-П-25-6382
035 _a(NLR Aleph) 022662793
090 _a13535875
_c13535875
100 _a20251111d2025 u y0rusy50 ca
101 1 _arus
_ceng
102 _aRU
105 _ao z 000аy
181 0 _ai
_baxxe
182 0 _an
200 1 _aЗлая
_eсказка о ведьме Запада
_fГрегори Магуайр
_gперевод с английского А. Гавронской
203 _aТекст
_bвизуальный
_cнепосредственный
210 _aМосква
_cЭксмо
_d2025
215 _a636, [1] с.
_cил.
_d21
309 _aКн. в пояске
333 _a16+
686 1 _aШ6(7США)67-445{Лх1979-62}
700 1 _7ca
_8rus
_aМагуайр
_bГ.
_f1954-
_gГрегори
_92693755
_3RU\NLR\AUTH\770289020
942 _cBOOK
980 _aNB